00374nam a2200133Ia 4500003000400000008004100004040001600045082002100061100001400082245006600096260003900162300000900201650003000210GCL140319s9999 xx 000 0 eng d aGCL / cGCL04a338.7091724bG H1 aGLEN,JACK10aHOW FIRMS IN DEVELOPING COUNTRIES MANAGE RISK ? / cGLEN,JACK a[S.N] : bTHE WORLD BANK ، c1993 a33 P04aCOMPUTER PROGRAM LANGUAGE